00481nam a2200145Ia 4500008004100000041000800041082001200049100001700061245004500078260003500123300003000158365001100188999001700199952011900216240624s9999 xx 000 0 und d aeng a828 NAS aNASAR SYLVIA aGRAND PURSUIT THE STORY OF ECONOMIC GENI c2011aNew DelhibHarperCollins axv, : 558 : p. : cm. ; 21 cRSb25 c18506d18506 00144070aIMTNbIMTNcRack 42-Ad2012-04-30eIBHg499.00o828 NASp18506r2024-06-24 00:00:00t1w2024-06-24yBK